JR路線の起終点駅(JR北海道編) - Statistics

General Stats
  • This quiz has been taken 291 times
  • The average score is 32 of 36
Answer Stats
路線 起終点 % Correct
新函館北斗
99%
函館本線 函館
99%
根室
99%
北海道新幹線 新青森
98%
旭川
98%
富良野線 旭川
98%
宗谷本線 旭川
98%
富良野
97%
富良野
97%
室蘭
96%
網走
96%
網走
96%
稚内
95%
新千歳空港
93%
日高本線 苫小牧
93%
室蘭本線 長万部
92%
室蘭支線 東室蘭
91%
千歳線支線 南千歳
89%
石勝線 南千歳
89%
根室本線2 新得
87%
新得
87%
留萌本線 深川
87%
根室本線1 滝川
85%
石狩沼田
84%
北海道医療大学
84%
82%
岩見沢
81%
釧網本線 東釧路
81%
鵡川
81%
木古内
81%
石北本線 新旭川
75%
砂原支線 大沼
74%
札沼線 桑園
74%
白石
72%
千歳線 沼ノ端
71%
海峡線 中小国
53%
No matching quizzes found
Score Distribution
Percent of People with Each Score
Percentile by Number Answered
Your Score History
You have not taken this quiz